[Event "Berlin Lieb Memorial 5th"]
[Site "Berlin"]
[Date "2019.06.14"]
[Round "6"]
[White "Krueger, Michael1111"]
[Black "Glinzer, Christoph"]
[Result "0-1"]
[WhiteElo "1920"]
[BlackElo "2136"]
[PlyCount "66"]
[EventDate "2019.05.03"]
[EventType "swiss"]
[EventRounds "7"]
[EventCountry "GER"]
[SourceTitle "EXT 2020"]
[Source "ChessBase"]
[SourceDate "2019.10.17"]
[SourceVersion "1"]
[SourceVersionDate "2019.10.17"]
[SourceQuality "1"]

1. d4 Nf6 2. Bf4 c5 3. d5 Qb6 4. b3 Qb4+ 5. Bd2 Qd4 6. Nc3 Nxd5 7. Nxd5 Qxd5 8. c4 Qh5 9. Nh3 e6 10. Nf4 Qf5 11. e3 Nc6 12. Bd3 Qe5 13. Rc1 Qc7 14. Bc3 d6 15. 0-0 b6 16. a3 Bb7 17. b4 cxb4 18. axb4 Ne5 19. Be2 Be7 20. Nh5 Qc6 21. f3 g6 22. Ng3 0-0 23. Ne4 f5 24. Nf2 Rfd8 25. Qb3 Nf7 26. Nd3 Bg5 27. Nf4 Qe8 28. Bb2 Rac8 29. Qc3 e5 30. Rfe1 d5 31. Nh3 d4 32. exd4 exd4 33. Qa3 Qe3+ 0-1

[Event "Berlin Lieb Memorial 5th"]
[Site "Berlin"]
[Date "2019.05.03"]
[Round "1"]
[White "Glinzer, Christoph"]
[Black "Jugert, Ole"]
[Result "1-0"]
[WhiteElo "2136"]
[BlackElo "1729"]
[PlyCount "61"]
[EventDate "2019.05.03"]
[EventType "swiss"]
[EventRounds "7"]
[EventCountry "GER"]
[SourceTitle "EXT 2020"]
[Source "ChessBase"]
[SourceDate "2019.10.17"]
[SourceVersion "1"]
[SourceVersionDate "2019.10.17"]
[SourceQuality "1"]

1. e4 c5 2. Nc3 Nc6 3. Bb5 Qc7 4. Nge2 e6 5. 0-0 a6 6. Bxc6 Qxc6 7. d4 cxd4 8. Qxd4 Nf6 9. e5 Bc5 10. Qf4 Nd5 11. Qg4 Nxc3 12. Nxc3 Kf8 13. Be3 h5 14. Qe4 d5 15. exd6 Bxd6 16. Rad1 Qxe4 17. Nxe4 Bc7 18. Bf4 Bb6 19. Rd6 Bc7 20. Rd2 Bb6 21. Be3 Bc7 22. Rfd1 Ke8 23. Bf4 Bb6 24. Be3 Bc7 25. Bf4 Bb6 26. Rd6 Bc7 27. R6d3 Bb6 28. Be3 Bc7 29. Rc3 Bd8 30. Nd6+ Ke7 31. Nxc8+ 1-0

[Event "Oberliga Ost-A 1415"]
[Site "Germany"]
[Date "2015.04.11"]
[Round "10.4"]
[White "Schnabel, Ralf"]
[Black "Glinzer, Christoph"]
[Result "1-0"]
[WhiteElo "2205"]
[BlackElo "2096"]
[PlyCount "93"]
[EventDate "2014.09.21"]
[EventType "team-tourn"]
[EventRounds "11"]
[EventCountry "GER"]
[SourceTitle "EXT 2016"]
[Source "ChessBase"]
[SourceDate "2015.10.08"]
[SourceVersion "1"]
[SourceVersionDate "2015.10.08"]
[SourceQuality "1"]
[WhiteTeam "Aue Nickelhuette II"]
[BlackTeam "Dresden USV TU II"]
[WhiteTeamCountry "GER"]
[BlackTeamCountry "GER"]

1. e4 e5 2. Nf3 Nc6 3. Bb5 Nf6 4. 0-0 Nxe4 5. d4 Nd6 6. Bxc6 dxc6 7. dxe5 Nf5 8. Qxd8+ Kxd8 9. h3 a5 10. Nc3 a4 11. Bf4 a3 12. b3 Be6 13. Ng5 Kc8 14. Rad1 Be7 15. Nxe6 fxe6 16. Ne4 Ra5 17. c4 Rf8 18. Rd3 b6 19. f3 Nh4 20. Bg3 Ng6 21. f4 Ra8 22. Rdf3 Kd7 23. Rd1+ Kc8 24. Kf2 Kb7 25. Ke2 Rad8 26. Rxd8 Bxd8 27. b4 Be7 28. c5 h5 29. Kd2 h4 30. Bh2 Rd8+ 31. Rd3 Rd5 32. Kc3 Ka6 33. cxb6 cxb6 34. Nd6 Bxd6 35. exd6 Kb7 36. Rxd5 cxd5 37. b5 Kc8 38. f5 exf5 39. Kd4 Kd7 40. Kxd5 Nh8 41. Be5 Nf7 42. Bxg7 Nxd6 43. Ke5 Nxb5 44. Kxf5 Nd6+ 45. Ke5 Ke7 46. Bf6+ Kf7 47. Bxh4 1-0

[Event "Eschborn op 11th"]
[Site "Eschborn"]
[Date "2014.09.07"]
[Round "5"]
[White "Glinzer, Christoph"]
[Black "Kunin, Vitaly L"]
[Result "0-1"]
[WhiteElo "2035"]
[BlackElo "2578"]
[PlyCount "62"]
[EventDate "2014.09.05"]
[EventType "swiss"]
[EventRounds "5"]
[EventCountry "GER"]
[SourceTitle "EXT 2015"]
[Source "ChessBase"]
[SourceDate "2014.11.20"]
[SourceVersion "1"]
[SourceVersionDate "2014.11.20"]
[SourceQuality "1"]

1. e4 d6 2. d4 Nf6 3. Nc3 Nbd7 4. Nf3 e5 5. Be2 Be7 6. 0-0 0-0 7. Re1 c6 8. Bf1 b5 9. d5 b4 10. dxc6 bxc3 11. cxd7 cxb2 12. dxc8Q bxa1Q 13. Qh3 Qxa2 14. Nh4 g6 15. Re3 Kh8 16. Ra3 Qb1 17. Qd2 Qc8 18. Nf5 gxf5 19. Rc3 Qxc3 20. Qdxc3 Qxc1 21. Qxf5 Rg8 22. Qc7 Rxg2+ 23. Kxg2 Rg8+ 24. Kf3 Qxf1 25. h3 Qd1+ 26. Ke3 Nd5+ 27. exd5 Bg5+ 28. Qxg5 Qc1+ 29. Kd3 Qxg5 30. Qxd6 Qf5+ 31. Ke3 Rc8 0-1

[Event "Wunsiedel op 8th"]
[Site "Wunsiedel"]
[Date "2014.05.29"]
[Round "1"]
[White "Glinzer, Christoph"]
[Black "Romanov, Evgeny"]
[Result "0-1"]
[WhiteElo "2082"]
[BlackElo "2639"]
[PlyCount "86"]
[EventDate "2014.05.29"]
[EventType "swiss"]
[EventRounds "7"]
[EventCountry "GER"]
[SourceTitle "CBM 160 Extra"]
[Source "ChessBase"]
[SourceDate "2014.07.01"]
[SourceVersion "1"]
[SourceVersionDate "2014.07.01"]
[SourceQuality "1"]

1. e4 c5 2. Nf3 e6 3. d4 cxd4 4. Nxd4 a6 5. Nc3 b5 6. Bd3 Qb6 7. Nb3 Qc7 8. 0-0 Nf6 9. f4 b4 10. Ne2 Bb7 11. e5 Nd5 12. Ng3 Be7 13. Ne4 0-0 14. Rf3 f5 15. exf6 Nxf6 16. Nxf6+ Rxf6 17. Rh3 g6 18. Be3 Nc6 19. Nc5 Bxc5 20. Bxc5 Qxf4 21. Qe1 a5 22. Be3 Qe5 23. Qh4 Rf7 24. Rf1 Raf8 25. Rxf7 Rxf7 26. Bc1 Qd5 27. Qe4 Qxe4 28. Bxe4 Nd4 29. Re3 Ba6 30. Bd3 Bxd3 31. cxd3 d6 32. b3 e5 33. Bb2 Nb5 34. Re4 Rc7 35. Rc4 Kf7 36. Kf2 Ke6 37. Ke3 d5 38. Rxc7 d4+ 39. Kd2 Nxc7 40. a3 Kd5 41. axb4 axb4 42. Bc1 e4 43. dxe4+ Kxe4 0-1

[Event "Oberliga Ost-A 1314"]
[Site "Germany"]
[Date "2014.04.05"]
[Round "10.8"]
[White "Schuetze, Norman"]
[Black "Glinzer, Christoph"]
[Result "1-0"]
[WhiteElo "2245"]
[BlackElo "2083"]
[PlyCount "105"]
[EventDate "2013.10.13"]
[EventType "team-tourn"]
[EventRounds "11"]
[EventCountry "GER"]
[SourceTitle "EXT 2015"]
[Source "ChessBase"]
[SourceDate "2014.11.20"]
[SourceVersion "1"]
[SourceVersionDate "2014.11.20"]
[SourceQuality "1"]
[WhiteTeam "Loeberitz"]
[BlackTeam "Dresden USV II"]
[WhiteTeamCountry "GER"]
[BlackTeamCountry "GER"]

1. e4 e5 2. Nf3 Nc6 3. Bb5 a6 4. Ba4 Nf6 5. 0-0 Nxe4 6. d4 exd4 7. Re1 d5 8. Nxd4 Bd6 9. Nxc6 Bxh2+ 10. Kh1 Qh4 11. Rxe4+ dxe4 12. Qd8+ Qxd8 13. Nxd8+ Kxd8 14. Kxh2 Be6 15. Be3 b5 16. Bb3 Re8 17. Nd2 f5 18. a4 Ke7 19. Bxe6 Kxe6 20. Nb3 Kf6 21. a5 g5 22. g3 Rad8 23. Re1 Rd5 24. c3 h5 25. Bd4+ Kf7 26. Nc5 Rd6 27. b4 h4 28. Kg2 hxg3 29. fxg3 Kg6 30. g4 Re7 31. gxf5+ Kxf5 32. Kg3 Rc6 33. Rf1+ Kg6 34. Be3 Rh7 35. Rf8 Rf7 36. Rxf7 Kxf7 37. Bxg5 Rg6 38. Nxe4 Ke6 39. Kf3 Kd5 40. Bf4 Re6 41. Nc5 Rf6 42. Ke3 Kc4 43. Bxc7 Rg6 44. Be5 Rc6 45. Bd4 Rh6 46. Ke4 Rc6 47. Nd7 Rd6 48. Nb6+ Kb3 49. Ke5 Rh6 50. Kd5 Rg6 51. Nd7 Kc2 52. Nf6 Rg3 53. Kc5 1-0

[Event "Oberliga Ost-A 1314"]
[Site "Germany"]
[Date "2014.01.18"]
[Round "6.6"]
[White "Glinzer, Christoph"]
[Black "Graf, Roland"]
[Result "1/2-1/2"]
[WhiteElo "2083"]
[BlackElo "2145"]
[PlyCount "54"]
[EventDate "2013.10.13"]
[EventType "team-tourn"]
[EventRounds "11"]
[EventCountry "GER"]
[SourceTitle "EXT 2015"]
[Source "ChessBase"]
[SourceDate "2014.11.20"]
[SourceVersion "1"]
[SourceVersionDate "2014.11.20"]
[SourceQuality "1"]
[WhiteTeam "Dresden USV II"]
[BlackTeam "Hoyerswerda"]
[WhiteTeamCountry "GER"]
[BlackTeamCountry "GER"]

1. e4 e6 2. d3 d5 3. Nd2 Nf6 4. g3 b6 5. Bg2 Bb7 6. Ngf3 dxe4 7. Ng5 Nbd7 8. Ngxe4 Nxe4 9. Nxe4 Nc5 10. 0-0 Nxe4 11. dxe4 Qxd1 12. Rxd1 e5 13. Be3 Bd6 14. f3 Ke7 15. Bf1 Rhd8 16. Bc4 c6 17. Kf2 Bc7 18. b4 Rxd1 19. Rxd1 Rd8 20. Rxd8 Bxd8 21. Bb3 Bc8 22. c4 Be6 23. Ke2 Bc7 24. Kd3 Bh3 25. Ke2 Be6 26. Kd3 Bh3 27. Ke2 Be6 1/2-1/2

[Event "Oberliga Ost-A 1314"]
[Site "Germany"]
[Date "2013.12.15"]
[Round "5.7"]
[White "Glinzer, Christoph"]
[Black "Kuna, Ralf Michael"]
[Result "1/2-1/2"]
[WhiteElo "2083"]
[BlackElo "2140"]
[PlyCount "106"]
[EventDate "2013.10.13"]
[EventType "team-tourn"]
[EventRounds "11"]
[EventCountry "GER"]
[SourceTitle "EXT 2015"]
[Source "ChessBase"]
[SourceDate "2014.11.20"]
[SourceVersion "1"]
[SourceVersionDate "2014.11.20"]
[SourceQuality "1"]
[WhiteTeam "Dresden USV II"]
[BlackTeam "Magdeburg Rochade"]
[WhiteTeamCountry "GER"]
[BlackTeamCountry "GER"]

1. Nf3 d5 2. d4 Nf6 3. c3 g6 4. Bf4 Bg7 5. Nbd2 0-0 6. Be5 Nc6 7. e3 Nxe5 8. Nxe5 Nd7 9. f4 f6 10. Nef3 e5 11. Qb3 c6 12. 0-0-0 e4 13. Nxe4 Re8 14. Bd3 Qb6 15. Nd6 Qxb3 16. axb3 Rxe3 17. f5 Bh6 18. Kc2 Bf4 19. Nxc8 Rxc8 20. fxg6 hxg6 21. Nh4 Nf8 22. g3 Bg5 23. Nxg6 Nxg6 24. Bxg6 Re2+ 25. Kb1 Kg7 26. Bh5 Re4 27. Rde1 Bd2 28. Re2 Kh6 29. Bf3 Rxe2 30. Bxe2 Re8 31. Bd3 Kg5 32. Kc2 Re1 33. Rxe1 Bxe1 34. Bf1 Kg4 35. Kd3 Bf2 36. Ke2 Bg1 37. h4 c5 38. Bh3+ Kh5 39. Bg2 cxd4 40. Bxd5 dxc3 41. bxc3 b6 42. b4 Kg4 43. Bf3+ Kf5 44. Bg2 a5 45. Bh3+ Kg6 46. bxa5 bxa5 47. Bd7 Bc5 48. Kf3 f5 49. h5+ Kxh5 50. Bxf5 a4 51. Be6 Kg5 52. Ke4 Bd6 53. g4 a3 1/2-1/2

[Event "Eschborn op 10th"]
[Site "Eschborn"]
[Date "2013.09.01"]
[Round "4"]
[White "Glinzer, Christoph"]
[Black "Uwira, Oliver"]
[Result "0-1"]
[WhiteElo "1993"]
[BlackElo "2231"]
[PlyCount "108"]
[EventDate "2013.08.30"]
[EventType "swiss"]
[EventRounds "5"]
[EventCountry "GER"]
[SourceTitle "EXT 2014"]
[Source "ChessBase"]
[SourceDate "2013.11.20"]
[SourceVersion "1"]
[SourceVersionDate "2013.11.20"]
[SourceQuality "1"]

1. e4 c5 2. Nc3 Nc6 3. Nf3 Nf6 4. d4 cxd4 5. Nxd4 e5 6. Ndb5 d6 7. Nd5 Nxd5 8. exd5 Nb8 9. Qf3 a6 10. Qa3 Be7 11. Bg5 f6 12. Bd2 0-0 13. Ba5 b6 14. Bb4 Qd7 15. Nc3 Bb7 16. Ne4 Rd8 17. c4 f5 18. Nd2 a5 19. Bc3 Na6 20. Qb3 Nc5 21. Qc2 b5 22. b3 b4 23. Bb2 a4 24. g4 a3 25. Bc1 e4 26. Be2 Bf6 27. Rb1 Re8 28. Kd1 f4 29. f3 e3 30. Nf1 Bh4 31. Ng3 g6 32. Ne4 Rxe4 33. fxe4 Qg7 34. Bf3 Re8 35. Ke2 Bc8 36. h3 Bd7 37. Kf1 Qd4 38. Kg2 Nxe4 39. Rd1 Qc3 40. Bxe4 f3+ 41. Kh1 e2 42. Bd2 Qxc2 43. Bxc2 f2 44. Re1 fxe1Q+ 45. Bxe1 Bxe1 46. Rxe1 Re3 47. Kg2 h5 48. Bxg6 hxg4 49. h4 Kg7 50. Bh5 Kf6 51. Kf2 Re5 52. Bxg4 Bxg4 53. Rg1 Kf5 54. Ke1 Re4 0-1

[Event "Eschborn op 10th"]
[Site "Eschborn"]
[Date "2013.08.31"]
[Round "3"]
[White "Spitzl, Vinzent"]
[Black "Glinzer, Christoph"]
[Result "0-1"]
[WhiteElo "1830"]
[BlackElo "1993"]
[PlyCount "90"]
[EventDate "2013.08.30"]
[EventType "swiss"]
[EventRounds "5"]
[EventCountry "GER"]
[SourceTitle "EXT 2014"]
[Source "ChessBase"]
[SourceDate "2013.11.20"]
[SourceVersion "1"]
[SourceVersionDate "2013.11.20"]
[SourceQuality "1"]

1. e4 e5 2. Nf3 Nc6 3. Bb5 Nf6 4. 0-0 Nxe4 5. d4 Nd6 6. Bxc6 dxc6 7. dxe5 Nf5 8. Qxd8+ Kxd8 9. Nc3 Ke8 10. Bf4 h6 11. Rad1 Be6 12. h3 Rd8 13. Rxd8+ Kxd8 14. Rd1+ Kc8 15. g4 Ne7 16. Nd4 Nd5 17. Nxe6 fxe6 18. Nxd5 cxd5 19. Be3 h5 20. Kg2 c5 21. c3 g6 22. Bg5 Kd7 23. Bf6 Rh7 24. Kg3 Ke8 25. Rd3 c4 26. Rf3 Bh6 27. gxh5 gxh5 28. Kh4 Bc1 29. b3 b5 30. Bg5 Bb2 31. Bd2 Rf7 32. Rxf7 Kxf7 33. bxc4 bxc4 34. Kxh5 d4 35. cxd4 c3 36. Be3 c2 37. f4 c1Q 38. Bxc1 Bxc1 39. Kg4 Bb2 40. f5 Bxd4 41. Kf4 exf5 42. Kxf5 Bf2 43. e6+ Ke7 44. Ke5 Bh4 45. Kf5 Bf6 0-1

[Event "Oberliga Ost-A 1213"]
[Site "Germany"]
[Date "2013.01.13"]
[Round "5.7"]
[White "Glinzer, Christoph"]
[Black "Selle, Thomas"]
[Result "1/2-1/2"]
[WhiteElo "2085"]
[BlackElo "2093"]
[PlyCount "63"]
[EventDate "2012.10.14"]
[EventType "team-tourn"]
[EventRounds "11"]
[EventCountry "GER"]
[SourceTitle "EXT 2014"]
[Source "ChessBase"]
[SourceDate "2013.11.20"]
[SourceVersion "1"]
[SourceVersionDate "2013.11.20"]
[SourceQuality "1"]
[WhiteTeam "Dresden USV II"]
[BlackTeam "Dessau"]
[WhiteTeamCountry "GER"]
[BlackTeamCountry "GER"]

1. e4 c5 2. Nc3 e6 3. Nf3 d6 4. d4 cxd4 5. Nxd4 Nf6 6. Be2 Be7 7. 0-0 0-0 8. Kh1 Nbd7 9. f4 Nc5 10. Bf3 e5 11. Nb3 Qc7 12. g4 Be6 13. g5 Nfd7 14. f5 Bc4 15. Rg1 Kh8 16. Nd2 Ba6 17. b4 Nd3 18. Nd5 Nf2+ 19. Kg2 Nxd1 20. Nxc7 Ne3+ 21. Kf2 Rac8 22. Kxe3 Rxc7 23. Bd1 Rc3+ 24. Kf2 Bd8 25. Rg4 Bb6+ 26. Kg2 Rfc8 27. a4 Be2 28. Bxe2 Rxc2 29. Bb5 Rxc1 30. Bxd7 Rxa1 31. Bxc8 Ra2 32. Bxb7 1/2-1/2

[Event "Wiesbaden op 23rd"]
[Site "Wiesbaden"]
[Date "2011.08.28"]
[Round "6"]
[White "Glinzer, Christoph"]
[Black "Kayser, Felix"]
[Result "0-1"]
[WhiteElo "2058"]
[BlackElo "2190"]
[PlyCount "68"]
[EventDate "2011.08.25"]
[EventType "swiss"]
[EventRounds "7"]
[EventCountry "GER"]
[SourceTitle "CBM 144 Extra"]
[Source "ChessBase"]
[SourceDate "2011.10.28"]
[SourceVersion "1"]
[SourceVersionDate "2011.10.28"]
[SourceQuality "1"]

1. e4 c5 2. Nc3 g6 3. f4 Bg7 4. Nf3 Nc6 5. Bb5 Nd4 6. Bc4 e6 7. 0-0 Ne7 8. d3 d5 9. Bb3 b5 10. e5 Nef5 11. Nxd4 Nxd4 12. Be3 Nxb3 13. axb3 d4 14. Nxb5 dxe3 15. Qf3 Rb8 16. Nd6+ Kf8 17. Rxa7 Bd7 18. Qxe3 Kg8 19. Qxc5 Bf8 20. Qc7 Be8 21. Rfa1 Kg7 22. d4 h6 23. Nxf7 Qxd4+ 24. Kh1 Rc8 25. Qxc8 Bxf7 26. Qxe6 Qxf4 27. Qd5 Qf5 28. Qc4 Kg8 29. Rxf7 Qxf7 30. e6 Qe7 31. Rd1 Bg7 32. b4 Kh7 33. Rd7 Rd8 34. Qd3 Qxe6 0-1

[Event "Wiesbaden op 23rd"]
[Site "Wiesbaden"]
[Date "2011.08.26"]
[Round "2"]
[White "Geske, Julian"]
[Black "Glinzer, Christoph"]
[Result "1-0"]
[WhiteElo "2337"]
[BlackElo "2058"]
[PlyCount "93"]
[EventDate "2011.08.25"]
[EventType "swiss"]
[EventRounds "7"]
[EventCountry "GER"]
[SourceTitle "CBM 144 Extra"]
[Source "ChessBase"]
[SourceDate "2011.10.28"]
[SourceVersion "1"]
[SourceVersionDate "2011.10.28"]
[SourceQuality "1"]

1. e4 e5 2. Nf3 Nc6 3. Bb5 Nf6 4. d3 Nd4 5. Nxd4 exd4 6. 0-0 c6 7. Bc4 d5 8. exd5 Nxd5 9. Re1+ Be7 10. Qh5 0-0 11. Bxd5 cxd5 12. Bf4 Be6 13. Nd2 Rc8 14. Qd1 Bb4 15. a3 Bxd2 16. Qxd2 Qb6 17. Rab1 Rfe8 18. f3 Bd7 19. Rxe8+ Bxe8 20. Bg3 Qc5 21. Rc1 Ba4 22. Bf2 Bxc2 23. b4 Qc6 24. Bxd4 h6 25. Bxa7 Qa4 26. Bd4 Rc6 27. Re1 Qxa3 28. Re8+ Kh7 29. b5 Qa4 30. bxc6 Qxd4+ 31. Qf2 Qxf2+ 32. Kxf2 bxc6 33. Ke3 Ba4 34. Re7 Kg6 35. Kd4 Kf6 36. Re3 Kf5 37. g3 Kf6 38. Kc5 g6 39. d4 Kf5 40. Kd6 Kf6 41. Rc3 Kg5 42. Rxc6 Bb3 43. Rc5 f5 44. Rxd5 Bd1 45. f4+ Kg4 46. Rb5 g5 47. Ke5 1-0

[Event "Wiesbaden op 23rd"]
[Site "Wiesbaden"]
[Date "2011.08.25"]
[Round "1"]
[White "Glinzer, Christoph"]
[Black "Maleski, Heinz"]
[Result "1-0"]
[WhiteElo "2058"]
[BlackElo "1506"]
[PlyCount "32"]
[EventDate "2011.08.25"]
[EventType "swiss"]
[EventRounds "7"]
[EventCountry "GER"]
[SourceTitle "CBM 144 Extra"]
[Source "ChessBase"]
[SourceDate "2011.10.28"]
[SourceVersion "1"]
[SourceVersionDate "2011.10.28"]
[SourceQuality "1"]

1. e4 c5 2. Nc3 Nc6 3. Bb5 g6 4. Bxc6 bxc6 5. f4 Bg7 6. Nf3 e6 7. e5 Ne7 8. Ne4 Nd5 9. Nd6+ Kf8 10. Ng5 f6 11. Ngf7 Qe7 12. 0-0 f5 13. c4 Nxf4 14. d4 cxd4 15. Bxf4 h6 16. Nxh8 g5 1-0

[Event "Rhein Main op-A 14th"]
[Site "Bad Homburg"]
[Date "2011.06.25"]
[Round "6"]
[White "Glinzer, Christoph"]
[Black "Tran, My Linh"]
[Result "1/2-1/2"]
[WhiteElo "2058"]
[BlackElo "1960"]
[PlyCount "53"]
[EventDate "2011.06.22"]
[EventType "swiss"]
[EventRounds "7"]
[EventCountry "GER"]
[SourceTitle "EXT 2012"]
[Source "ChessBase"]
[SourceDate "2011.11.24"]
[SourceVersion "1"]
[SourceVersionDate "2011.11.24"]
[SourceQuality "1"]

1. e4 e5 2. Bc4 Nf6 3. d4 exd4 4. Nf3 d5 5. exd5 Bb4+ 6. c3 Qe7+ 7. Qe2 Qxe2+ 8. Kxe2 dxc3 9. bxc3 Bd6 10. Re1 0-0 11. Kf1 Nbd7 12. Bb3 Nc5 13. Rd1 Bg4 14. Nbd2 Nxb3 15. Nxb3 Bxf3 16. gxf3 Bxh2 17. f4 Nh5 18. Rd4 g5 19. fxg5 Be5 20. Rd3 Rad8 21. Be3 Nf4 22. Bxf4 Bxf4 23. Na5 c6 24. Rad1 Rxd5 25. Rxd5 cxd5 26. Rxd5 Rc8 27. Nxb7 1/2-1/2